000
00339nam a2200157Ia 4500
008
230312s9999||||xx |||||||||||||| ||und||
020
_a
0-07-709673
082
_a
005.1
_b
BEN
100
_a
Bennet, Simmon
245
0
_a
UML
260
_b
McGraw Hill
_a
London
_c
2001
300
_a
360
546
_a
Eng.
650
_a
Computer
942
_c
BK
999
_c
3241
_d
3241